000 00605nam a2200205Ia 4500
005 20250923145650.0
008 008 250917s9999 xx 000 0 eng d
037 _aTextual
040 _aDSWL
_beng
_cDSWL
041 _aeng
_2eng
084 _aY72:1.277, N84
_qDSWL
100 _aDas Gupta, P.K.
_9837705
245 0 _aLife and culture of matrilineal tribes of Meghalaya
_c by P.K.Das Gupta
260 _aNew Delhi
_bDelhi Inter India
_c1984
300 _a210 p.
365 _aINR
_b292.50
925 _g292.50
942 _cTEXL
_hY72:1.277, N84
999 _c1454109
_d1454109